| 000 | 00846ntm a22002057a 4500 | ||
|---|---|---|---|
| 005 | 20170808131945.0 | ||
| 008 | 170802s2012 xx a frb 000 0 eng d | ||
| 040 |
_aEG-ScBUE _beng _cEG-ScBUE |
||
| 082 | 0 | 4 |
_222 _a624 _bSAK |
| 100 | 1 | _aSakka, Mohamed Abbdallah. | |
| 245 | 1 | 4 |
_aThe efficiency of lateral load resistance system in reducing structural response of mdof steel bulldings under earthquake excitations / _cby Mohamed Abbdallah El-sakka. |
| 260 | _c2012. | ||
| 300 |
_a51 p. : _bill. (col.) ; _c28 cm. |
||
| 500 | _aA dissertation submitted to the faculty of engineering. the British university in Egypt, in partial Fulfillment of the requirements for the bachelor degree in civil engineering. | ||
| 590 | _akarima | ||
| 650 |
_2BUEsh _aCivil Engineering _vProjects |
||
| 653 |
_bENGCIV _cAugust2017 |
||
| 655 | _vSPRO | ||
| 942 | _2ddc | ||
| 999 |
_c25203 _d25175 |
||